Δυναμική και λειτουργία του συμπλέγματος των αμμολωρίδων και λιμνοθαλασσών της Λευκάδας : διαχειριστικό πλαίσιο : πτυχιακή εργασία

Αποθηκεύτηκε σε:
Λεπτομέρειες βιβλιογραφικής εγγραφής
Κύριος συγγραφέας: Σωτηρόπουλος, Ανδρέας
Συγγραφή απο Οργανισμό/Αρχή: Πανεπιστήμιο Αιγαίου. Σχολή Περιβάλλοντος. Τμήμα Περιβάλλοντος
Άλλοι συγγραφείς: Αγγελίδης, Μιχάλης (Εισηγητής διατριβής)
Μορφή: Thesis Βιβλίο
Γλώσσα:Greek
Δημοσίευση: Μυτιλήνη : Πανεπιστήμιο Αιγαίου, Τμήμα Περιβάλλοντος, 2000
Θέματα:
Διαθέσιμο Online:http://hdl.handle.net/11610/10432
Ετικέτες: Προσθήκη ετικέτας
Δεν υπάρχουν, Καταχωρήστε ετικέτα πρώτοι!

MARC

LEADER 00000cam a2200000 i 4500
001 1/16292
008 010125s2000 gre d
035 |l 10065722 
040 |a GR-MY-UA  |b gre  |e aacr 
041 0 |a gre 
082 0 |a 333.917  |2 (22) 
100 1 |a Σωτηρόπουλος, Ανδρέας. 
245 1 0 |a Δυναμική και λειτουργία του συμπλέγματος των αμμολωρίδων και λιμνοθαλασσών της Λευκάδας :  |b διαχειριστικό πλαίσιο : πτυχιακή εργασία /  |c Σωτηρόπουλος Ανδρέας ; υπεύθυνος καθηγητής Μ. Ο. Αγγελίδης 
260 |a Μυτιλήνη :   |b Πανεπιστήμιο Αιγαίου, Τμήμα Περιβάλλοντος,   |c 2000 
300 |a 63 σ.;  |b διαγρ., πιν.;  |c 30 εκ. 
502 |a Πτυχιακή εργασία - Πανεπιστήμιο Αιγαίου, Λέσβος, 2001. 
504 |a Περιέχει βιβλιογραφία 
650 0 0 |a Coastal zone management  |z Greece  |z Lefkas Island. 
650 0 |a Lagoon ecology  |z Greece  |z Lefkas Island. 
650 0 |a Lagoons  |z Greece  |z Lefkas Island. 
650 0 0 |a Dissertations, Academic  |z Greece. 
700 1 |a Αγγελίδης, Μιχάλης.  |4 ths 
710 2 |a Πανεπιστήμιο Αιγαίου.   |b Σχολή Περιβάλλοντος.   |b Τμήμα Περιβάλλοντος. 
852 |a INST  |b LESVOS  |c DIATR  |e 20010125  |h 655  |p 005100027279  |q 005100027279  |t DIE  |y 23 
852 |a INST  |b LESVOS  |c DIATR  |e 20010125  |h 656  |p 005100027278  |q 005100027278  |t DIE  |y 23 
856 |u http://hdl.handle.net/11610/10432 
901 |a BIBL1-2001-1 
909 |a Λ  |b 084796 
909 |a Λ  |b 084797 
924 |a ΣΩΤΗΡΟΠΟΥΛΟΣ  |b ΑΝΔΡΕΑΣ  |y ΛΕΣΒΟΣ  |z 2001-01 
970 |a ΚΑΜΑΤΣΟΥ  |b ΔΕΣΠΟΙΝΑ  |z 2001/01/25